000 00372nam a22001577a 4500
003 OSt
008 250218b |||||||| |||| 00| 0 eng d
041 _aeng
082 _a581.4
_bGAM/FL
100 _aGamble, JS
_97175
245 _aFlora of the Presidency of Madras Vol.1
250 _aIst
260 _aLondon:
_bAdlard & Sons,
_c1995.
300 _a577p.
942 _cBK
999 _c19406
_d19406